000 00648cam a22002293a 4500
001 28567
003 PGUSA
005 20140828083621.0
008 090420s2009||||xxu|||||s|||||000 1 eng d
040 _aPGUSA
_beng
042 _adc
050 4 _aPR
100 1 _aTurley, Charles,
_d1868-1940
245 1 0 _aGodfrey Marten, Undergraduate
_h[electronic resource] /
_cCharles Turley
260 _bProject Gutenberg,
_c2009
506 _aPublic domain in the USA.
516 _aElectronic text
653 _aUniversity of Oxford -- Fiction
830 0 _aProject Gutenberg
_v28567
856 4 0 _uhttp://www.gutenberg.org/ebooks/28567
942 _cEB
999 _c257822
_d257822